00566aam a2200205 450000500170000000800410001704100140005808200170007210000180008924501100010726000130021726000100023026000090024030000180024965000280026765000150029565000130031065000120032365000250033520231010165617.0150704b xxu||||| |||| 00| 0 spa d aEspañol a155.23 F454s aField, Lynda  aSesenta consejos para elevar la autoestima: los mejores tips para incrementar la confianza en si mismo  aMéxico bDIANA c2000 a119 páginas aSUPERACIÓN PERSONAL  aAUTOESTIMA aCONDUCTA aÉXITO aAPRENDER A QUERERSE